000 00694nam a22002057a 4500
010 _aENG-99753
020 _c400.00
_a9788189433086
035 _aEN-83285
037 _bDBAD / PUB
082 _aS
100 _aKhatry, Vikash
_912334
245 _aWorld famous stories of terror /
_cby Vikash Khatry
260 _aDelhi
_bCalibore Publishers
_c2010
270 _aL-46, IInd Floor, Street No.5 Shivaji Marg, Kartar Nagar
_bDelhi
_e110053
300 _a208p.
_c22cm (Hb)
600 _aBaba Visakha Singh
_xBiography.
_912335
700 _910254
942 _2ddc
_cEN
_mKHA
_hS
999 _c41156
_d41156